| 000 | 00692nam a22002057a 4500 | ||
|---|---|---|---|
| 003 | OSt | ||
| 005 | 20140818120631.0 | ||
| 008 | 131028b1991 usa spa | ||
| 020 | _a92-75-31532-9 | ||
| 040 | _cBMC | ||
| 082 | _a613.2 | ||
| 245 | 0 | 0 | _aConocimientos actuales sobre nutrición |
| 250 | _a6ª ed | ||
| 260 |
_aWashington _bOrganización Panamericana de la Salud : Instituto Internacional de Ciencias de la Vida _c1991 |
||
| 300 |
_aXII, 614 p. _bil., gráf. _c27 cm |
||
| 490 |
_aPublicación científica / Organización Panamericana de la Salud _v532 |
||
| 594 | _1Traducción de: Present knowledged in nutrition, 6th ed. | ||
| 650 | 2 | 4 |
_92745 _aNutrición |
| 942 |
_2ddc _cBK |
||
| 999 |
_c12994 _d12994 |
||